| 000 | 00663cam a22002412 4500 | ||
|---|---|---|---|
| 999 |
_c9451 _d9451 |
||
| 001 | 9451 | ||
| 003 | BD-JhCC | ||
| 005 | 20190321100950.0 | ||
| 008 | 911210s1962 nyu 000 0 eng | ||
| 035 | _a(BD-JhCC)9451 | ||
| 040 |
_aDLC _cDLC _dDLC _dBD-JhCC |
||
| 041 | _aeng | ||
| 050 | 0 | 0 |
_aE332 _b.B43 1962 |
| 082 |
_bBEL 1962 _a923.173 |
||
| 100 | 1 |
_aBeloff, Max, _d1913- [from old catalog] |
|
| 245 | 1 | 0 | _aThomas Jefferson and American democracy. |
| 260 |
_aNew York, _bCollier Books _c[1962] |
||
| 300 |
_a220 p. _c18 cm. |
||
| 600 | 1 | 0 |
_aJefferson, Thomas, _d1743-1826. |
| 651 | 0 |
_aUnited States _xHistory _y1783-1865. |
|
| 942 |
_2ddc _cBK |
||